00740nam a22001697a 450000500170000000800410001705000200005808200080007824501280008625000130021426000360022730000300026350000200029350502180031370000180053170000210054920240816151723.0240812b ||||| |||| 00| 0 eng d aKD1269.C67(10e) 210e aCornish, Llewelyn and Aplin intellectual property : patent copyright trade marks and allied rights /cDavid Llewelyn et at. a10th ed. aLondonbThomson Reuters.c2023. acxliii, 885 p . :c24 cm. aIncludes index. aContents: Part 1. Common ground - Part 2: Patents -- Part 3: Confidence and personal privacy -- Part 4: Copyright and designs -- Part 5: Trademarks and names -- Part 6: The European dimension and new technologies. aAplin, Tanya. aLlewelyn, David.